00393nam a2200121Ia 4500008004100000082001600041100001000057245005000067260004800117365000600165630005000171730005000221100415s9999 xx 000 0 und d b4317a595.7 aR.A.E aReview Of Applied Entomology Series A Vol.24 aLONDONc1937bImperial Bureau Of Entomology b0 aReview Of Applied Entomology Series A Vol.24 aReview Of Applied Entomology Series A Vol.24